<?xml version="1.0" encoding="UTF-8"?>
<collection xmlns="http://www.loc.gov/MARC21/slim">
<record>
  <controlfield tag="001">2793</controlfield>
  <controlfield tag="005">20160701171711.0</controlfield>
  <datafield tag="037" ind1=" " ind2=" ">
    <subfield code="a">ASTROimport-950</subfield>
  </datafield>
  <datafield tag="100" ind1=" " ind2=" ">
    <subfield code="a">Vamvatira-Nakou, C.</subfield>
  </datafield>
  <datafield tag="260" ind1=" " ind2=" ">
    <subfield code="c">2012</subfield>
  </datafield>
  <datafield tag="245" ind1=" " ind2=" ">
    <subfield code="a">The Herschel view of nebulae around evolved massive stars</subfield>
  </datafield>
  <datafield tag="520" ind1=" " ind2=" ">
    <subfield code="a">The detailed study of the nebulae ejected from Luminous Blue Variables and the circumstellar bubbles around Wolf-Rayet stars, which radiate strongly in the IR due to the heating of dust, is crucial for understanding the massive stars evolution. With Herschel, the largest telescope ever flown in space, we are able to study the gas and the dust in these circumstellar environments in the full far-infrared waveband. In the context of 'Mass-loss of Evolved StarS' Herschel guaranteed time key programme, we have obtained imaging and spectroscopic observations of nebulae associated with Luminous Blue Variable and Wolf-Rayet stars using PACS, one of the three instruments onboard Herschel. A description of these observations and first results of the data analysis are presented. </subfield>
  </datafield>
  <datafield tag="700" ind1=" " ind2=" ">
    <subfield code="a"> Royer, P.</subfield>
  </datafield>
  <datafield tag="700" ind1=" " ind2=" ">
    <subfield code="a"> Hutsemekers, D.</subfield>
  </datafield>
  <datafield tag="700" ind1=" " ind2=" ">
    <subfield code="a"> Naze, Y.</subfield>
  </datafield>
  <datafield tag="700" ind1=" " ind2=" ">
    <subfield code="a"> Rauw, G.</subfield>
  </datafield>
  <datafield tag="700" ind1=" " ind2=" ">
    <subfield code="a"> Exter, K.</subfield>
  </datafield>
  <datafield tag="700" ind1=" " ind2=" ">
    <subfield code="a"> Waelkens, C.</subfield>
  </datafield>
  <datafield tag="700" ind1=" " ind2=" ">
    <subfield code="a"> Groenewegen, M.</subfield>
  </datafield>
  <datafield tag="773" ind1=" " ind2=" ">
    <subfield code="p">10th Hellenic Astronomical Conference</subfield>
    <subfield code="y">2012</subfield>
    <subfield code="c">24-24</subfield>
  </datafield>
  <datafield tag="856" ind1="4" ind2="2">
    <subfield code="a">http://esoads.eso.org/abs/2012hell.conf...24V</subfield>
  </datafield>
  <datafield tag="905" ind1=" " ind2=" ">
    <subfield code="a">published in</subfield>
  </datafield>
  <datafield tag="980" ind1=" " ind2=" ">
    <subfield code="a">NONREF</subfield>
  </datafield>
</record>
</collection>